MARC

Tag First Indicator Second Indicator Subfields
LEADER 00000cam a2200000 i 4500
001 in00000944729
005 20150925134110.0
007 he bmu|||bubu
008 801025r19801974miub bb 00010 eng d
010 |z  76370014  
035 |a (OCoLC)06865573 
035 |9 AES5055AM 
037 |a CL00550  |b University Microfilms International 
037 |b University Microfilms International, 300 N. Zeeb Rd., Ann Arbor, MI 48106 
040 |a UMI  |c UMI  |d m.c.  |d UtOrBLW 
043 |a f------ 
049 |a TXAI 
090 |a TC519.S18  |b M3 1974 
099 |a fiche   |a  C   |a  5159 
100 1 |a Major, David C.,  |d 1938- 
245 1 3 |a An approach to water resource planning /  |c David C. Major, Paul H. Kirshen, Zsofia Lengyel. 
264 1 |a [Cambridge] :  |b Center for Policy Alternatives, Massachusetts Institute of Technology,  |c 1974. 
300 |a 282 pages :  |b illustrations, maps 
336 |a text  |b txt  |2 rdacontent 
337 |a microform  |b h  |2 rdamedia 
338 |a microfiche  |b he  |2 rdacarrier 
490 1 |a A Framework for evaluating long-term strategies for the development of the Sahel-Sudan region ;  |v annex 8 
490 1 |a Report - Center for Policy Alternatives ; no. CPA 74-9 
500 |a "AID/afr-C-1040". 
504 |a Bibliography: pages 275-282. 
500 |a Microfiche. Ann Arbor, Mich. : University Microfilms International, 1980. -- 4 sheets ; 11 x 15 cm. --(Sahel : documents and dissertations ; AS 019). 
500 |a Microform. 
650 0 |a Water resources development  |z Sahel. 
650 0 |a Water-supply  |z Sahel. 
700 1 |a Kirshen, Paul H. 
700 1 |a Lengyel, Zsofia. 
830 0 |a Framework for evaluating long-term strategies for the development of the Sahel-Sudan region ;  |v annex 8. 
830 0 |a Center for Policy Alternatives report ;  |v no. CPA 74-9. 
830 0 |a Sahel, documents and dissertations ;  |v AS 019. 
999 |a MARS 
999 f f |s 8261d8b6-8f4f-38f3-b4df-9f7e0a3e5753  |i abe8fbd1-e0d2-3f14-82d1-c2017d049b99  |t 0 
952 f f |p normal  |a Texas A&M University  |b College Station  |c Sterling C. Evans Library  |d Evans: Microforms (3rd floor)  |t 0  |e fiche C 5159 AS 019  |h Other scheme  |i microform -- microfiche  |m A14821878821 
998 f f |a fiche C 5159 AS 019  |t 0  |l Evans: Microforms (3rd floor)